Diversity of Coral-Associated Fauna (Record no. 28626)
[ view plain ]
| 000 -LEADER | |
|---|---|
| fixed length control field | 00846nam a2200121Ia 4500 |
| 008 - FIXED-LENGTH DATA ELEMENTS--GENERAL INFORMATION | |
| fixed length control field | 220620s9999||||xx |||||||||||||| ||und|| |
| 245 #0 - TITLE STATEMENT | |
| Title | Diversity of Coral-Associated Fauna |
| 546 ## - LANGUAGE NOTE | |
| Language note | English[eng] |
| 650 ## - SUBJECT ADDED ENTRY--TOPICAL TERM | |
| Topical term or geographic name entry element | Cladocopium||cryptofauna||marine biodiversity||mesophotic coral reef environments (MCEs)||Octocorallia||stoloniferous octocorals||Symbiodiniaceae||taxonomy||n/a||coral-fish association||symbiosis||habitat structure||prevalence||damselfish||coral reefs||biological interactions||integrative taxonomy||corals||bryozoans||Maldives||phylogeny||Anthozoa||records||Macrocnemina||Brachycnemina||Caribbean Netherlands||fire corals||Hydrozoa||pseudo-auto-epizoism||stony corals||substrate||biodiversity||scleractinian||global change||impacts |
| 700 ## - ADDED ENTRY--PERSONAL NAME | |
| Personal name | Montano, Simone |
| 856 ## - ELECTRONIC LOCATION AND ACCESS | |
| Uniform Resource Identifier | <a href="https://mdpi.com/books/pdfview/book/3036">https://mdpi.com/books/pdfview/book/3036</a> |
| 942 ## - ADDED ENTRY ELEMENTS (KOHA) | |
| Koha item type | E-Books |
| Withdrawn status | Lost status | Damaged status | Not for loan | Home library | Current library | Date acquired | Total Checkouts | Date last seen | Price effective from | Koha item type |
|---|---|---|---|---|---|---|---|---|---|---|
| Kerala University of Digital Sciences, Innovation and Technology Knowledge Centre | Kerala University of Digital Sciences, Innovation and Technology Knowledge Centre | 20/06/2022 | 20/06/2022 | 20/06/2022 | E-Books |